LEADER 01083nam0-22003611i-450- 001 990004453500403321 005 20100920103725.0 035 $a000445350 035 $aFED01000445350 035 $a(Aleph)000445350FED01 035 $a000445350 100 $a20091023d1959----km-y0itay50------ba 101 0 $afre 102 $aFR 105 $ay-------001yy 200 1 $aEglise et société économique$el'enseignement social des Papes de Léon XIII à Pie XII (1878-1958)$fJean Yves Calvez et Jacques Perrin 210 $aParis$cAubier$d1959 215 $a578 p.$d23 cm 225 1 $aThéologie$v40 610 0 $aSociologia cristiana$aDocumenti pontifici$a1878-1958 676 $a262.9 676 $a261.8 700 1$aCalvez,$bJean-Yves$0119058 701 1$aPerrin,$bJacques$0146118 801 0$aIT$bUNINA$gRICA$2UNIMARC 901 $aBK 912 $a990004453500403321 952 $a261.8 CAL 1$bBibl.33457$fFLFBC 952 $aIII M 22 (40)$b58947$fFGBC 959 $aFLFBC 959 $aFGBC 996 $aEglise et société économique$9544436 997 $aUNINA LEADER 01179nam0 2200313 450 001 000043258 005 20170913132237.0 010 $a978-3-515-09027-8 100 $a20170831d2007----km-y0itaa50------ba 101 0 $ager 102 $aDE 200 1 $a<> römische Vorzeichenwesen (753-27 v. Chr.)$eQuellen, Terminologie, Kommentar, historische Entwicklung$fDavid Engels 210 $aStuttgart$cSteiner$d2007 215 $a877 p.$d25 cm 225 2 $aPotsdamer Altertumswissenschaftliche Beitrage$v22 410 0$12001$aPotsdamer Altertumswissenschaftliche Beitrage$v22 606 1 $aPresagi$yRoma 606 $aDivinazione$yRoma 676 $a292.07$v(22. ed.)$9Religione romana 700 1$aEngels,$bDavid$0600583 801 0$aIT$bUniversità della Basilicata - B.I.A.$gREICAT$2unimarc 912 $a000043258 996 $aRömische Vorzeichenwesen (753-27 v. Chr.)$91532004 997 $aUNIBAS BAS $aLETTERE CAT $aMDL$b30$c20170831$lBAS01$h1337 CAT $aMDL$b30$c20170913$lBAS01$h1322 FMT Z30 -1$lBAS01$LBAS01$mBOOK$1BASA1$APolo Storico-Umanistico$2DID$BDidattica$3FM/115175$6115175$5L115175$820170904$f02$FPrestabile Generale